[Event "Chigorin Memorial 30th"]
[Site "St Petersburg"]
[Date "2023.10.27"]
[Round "7"]
[White "Chashchev, Sergey"]
[Black "Sakovich, Luka"]
[Result "1/2-1/2"]
[WhiteElo "2295"]
[BlackElo "1760"]
[PlyCount "114"]
[EventDate "2023.10.21"]
[EventType "swiss"]
[EventRounds "9"]
[EventCountry "RUS"]
[SourceTitle "Mega2024 Update 01"]
[Source "Chessbase"]
[SourceDate "2023.11.12"]
[SourceVersion "1"]
[SourceVersionDate "2023.11.12"]
[SourceQuality "1"]

1. Nf3 Nf6 2. g3 e6 3. Bg2 d5 4. 0-0 c5 5. d3 Nc6 6. Nbd2 Bd6 7. e4 0-0 8. Qe2 Qc7 9. Re1 dxe4 10. dxe4 e5 11. c3 b6 12. Nh4 Re8 13. Nc4 Ba6 14. Nf5 Be7 15. Bf1 Na5 16. b3 Rad8 17. Qf3 Nxc4 18. Bxc4 b5 19. Bf1 Qc6 20. Bg5 h6 21. Bxf6 Qxf6 22. a4 Rb8 23. axb5 Bxb5 24. Rxa7 Bf8 25. Bxb5 Rxb5 26. Rd1 Qg6 27. Rdd7 f6 28. Rxg7+ Bxg7 29. Rxg7+ Qxg7 30. Nxg7 Kxg7 31. Qg4+ Kf8 32. Qg6 Ke7 33. Qxh6 Rxb3 34. Qe3 Rc8 35. f4 exf4 36. Qxf4 Rb1+ 37. Kg2 Rb2+ 38. Kh3 Rh8+ 39. Kg4 Rhxh2 40. Qc7+ Ke6 41. Qxc5 Rbf2 42. c4 Kf7 43. Qd4 Rd2 44. Qa7+ Kg6 45. Qc5 Rdf2 46. Qb6 Kf7 47. Qd6 Re2 48. Qc7+ Kg6 49. Kf3 Rhg2 50. Qb6 Rh2 51. Qc5 Kf7 52. Qd4 Kg6 53. c5 Rd2 54. Qe3 Rd1 55. c6 Rc2 56. Qb3 Rdc1 57. Qg8+ Kh6 1/2-1/2

[Event "Chigorin Memorial 30th"]
[Site "St Petersburg"]
[Date "2023.10.26"]
[Round "6"]
[White "Klachkou, Platon"]
[Black "Chashchev, Sergey"]
[Result "1-0"]
[WhiteElo "1966"]
[BlackElo "2295"]
[PlyCount "81"]
[EventDate "2023.10.21"]
[EventType "swiss"]
[EventRounds "9"]
[EventCountry "RUS"]
[SourceTitle "Mega2024 Update 01"]
[Source "Chessbase"]
[SourceDate "2023.11.12"]
[SourceVersion "1"]
[SourceVersionDate "2023.11.12"]
[SourceQuality "1"]

1. d4 d6 2. e4 Nf6 3. Nc3 c6 4. a4 Nbd7 5. g3 e5 6. Nge2 Be7 7. Bg2 0-0 8. a5 Qc7 9. 0-0 Rb8 10. b4 d5 11. exd5 Bxb4 12. Ba3 Bxa3 13. Rxa3 Nxd5 14. Nxd5 cxd5 15. Nc3 e4 16. Qh5 Qd6 17. Rb3 f5 18. Nb5 Qa6 19. Ra1 Nf6 20. Qg5 Bd7 21. Bf1 Bxb5 22. Rxb5 Qe6 23. Rab1 b6 24. c4 h6 25. Qc1 f4 26. cxd5 Qd7 27. Qc6 Qd8 28. axb6 axb6 29. Rxb6 Rc8 30. Qd6 e3 31. Qxd8 exf2+ 32. Kxf2 fxg3+ 33. hxg3 Rcxd8 34. Kg2 Nxd5 35. Bc4 Kh8 36. Bxd5 Rxd5 37. Rd1 h5 38. Re6 Rfd8 39. Re4 Rg5 40. Rh1 Ra8 41. g4 1-0

[Event "Chigorin Memorial 30th"]
[Site "St Petersburg"]
[Date "2023.10.24"]
[Round "4"]
[White "Dudkina, Uliana"]
[Black "Chashchev, Sergey"]
[Result "1-0"]
[WhiteElo "1916"]
[BlackElo "2295"]
[PlyCount "49"]
[EventDate "2023.10.21"]
[EventType "swiss"]
[EventRounds "9"]
[EventCountry "RUS"]
[SourceTitle "Mega2024 Update 01"]
[Source "Chessbase"]
[SourceDate "2023.11.12"]
[SourceVersion "1"]
[SourceVersionDate "2023.11.12"]
[SourceQuality "1"]

1. d4 f5 2. Nf3 Nf6 3. c4 g6 4. g3 Bg7 5. Bg2 0-0 6. 0-0 d6 7. Nc3 Qe8 8. Re1 Qf7 9. e4 fxe4 10. Nxe4 Nxe4 11. Rxe4 Qxc4 12. Rxe7 Bg4 13. Bf4 Nc6 14. Rxc7 Bxf3 15. Bxf3 Rac8 16. Rxc8 Rxc8 17. d5 Ne7 18. Rc1 Qxa2 19. Rxc8+ Nxc8 20. Qe1 Be5 21. Bxe5 dxe5 22. Bg4 Nd6 23. Be6+ Kf8 24. Qc1 Nf5 25. Qc7 1-0

[Event "Chigorin Memorial 30th"]
[Site "St Petersburg"]
[Date "2023.10.22"]
[Round "2"]
[White "Lipovoy, Ivan"]
[Black "Chashchev, Sergey"]
[Result "0-1"]
[WhiteElo "1588"]
[BlackElo "2295"]
[PlyCount "68"]
[EventDate "2023.10.21"]
[EventType "swiss"]
[EventRounds "9"]
[EventCountry "RUS"]
[SourceTitle "Mega2024 Update 01"]
[Source "Chessbase"]
[SourceDate "2023.11.12"]
[SourceVersion "1"]
[SourceVersionDate "2023.11.12"]
[SourceQuality "1"]

1. d4 d6 2. Nf3 f5 3. c4 Nf6 4. Nc3 g6 5. h4 h6 6. Bd2 Bg7 7. Qc1 Nc6 8. d5 Ne5 9. Nxe5 dxe5 10. g3 e4 11. Bf4 c6 12. dxc6 bxc6 13. Bg2 Qb6 14. 0-0 Ng4 15. Na4 Qd4 16. e3 Qf6 17. f3 exf3 18. Bxf3 e5 19. Bxg4 exf4 20. Rxf4 0-0 21. Be2 Rb8 22. Nc3 Qe5 23. Kh2 Be6 24. Qc2 Qxe3 25. Rd1 Qe5 26. Qd2 Rf7 27. Rf3 Rd7 28. Rd3 Rxd3 29. Bxd3 f4 30. gxf4 Qh5 31. Qf2 Bxc3 32. Be2 Rxb2 33. Rd8+ Kg7 34. Qxa7+ Bf7 0-1

[Event "Chigorin Memorial 25th"]
[Site "St Petersburg"]
[Date "2017.10.28"]
[Round "8"]
[White "Chashchev, Sergey"]
[Black "Shavykin, Oleg"]
[Result "1-0"]
[WhiteElo "2342"]
[BlackElo "2002"]
[PlyCount "47"]
[EventDate "2017.10.21"]
[EventType "swiss"]
[EventRounds "9"]
[EventCountry "RUS"]
[SourceTitle "CBM 181 Extra"]
[Source "ChessBase"]
[SourceDate "2017.12.12"]
[SourceVersion "1"]
[SourceVersionDate "2017.12.12"]
[SourceQuality "1"]

1. Nf3 g6 2. g3 Bg7 3. c4 c5 4. Bg2 Nc6 5. 0-0 d6 6. Nc3 e5 7. d3 h6 8. a3 Be6 9. Rb1 Qd7 10. b4 Nge7 11. Na4 cxb4 12. axb4 0-0 13. b5 Nd8 14. Ba3 Bh3 15. Bxh3 Qxh3 16. Bxd6 Qe6 17. Bb4 b6 18. Qb3 f5 19. Qa3 Rf7 20. Nxb6 Rb8 21. Na4 Rc8 22. Nc5 Qf6 23. Qxa7 Nec6 24. Qa6 1-0

[Event "Chigorin Memorial 25th"]
[Site "St Petersburg"]
[Date "2017.10.27"]
[Round "7"]
[White "Mochalin, Faddey"]
[Black "Chashchev, Sergey"]
[Result "1-0"]
[WhiteElo "2096"]
[BlackElo "2342"]
[PlyCount "89"]
[EventDate "2017.10.21"]
[EventType "swiss"]
[EventRounds "9"]
[EventCountry "RUS"]
[SourceTitle "CBM 181 Extra"]
[Source "ChessBase"]
[SourceDate "2017.12.12"]
[SourceVersion "1"]
[SourceVersionDate "2017.12.12"]
[SourceQuality "1"]

1. d4 d6 2. Nf3 f5 3. c4 Nf6 4. g3 g6 5. Bg2 Bg7 6. 0-0 0-0 7. Nc3 Qe8 8. Nd5 Na6 9. Nxf6+ Bxf6 10. Bh6 Bg7 11. Bxg7 Kxg7 12. d5 c5 13. h4 h6 14. Qd2 Bd7 15. Rfe1 Nc7 16. e4 fxe4 17. Rxe4 Bf5 18. Re3 Qd7 19. h5 g5 20. Rae1 Rf7 21. Bf1 Re8 22. Bd3 e5 23. dxe6 Rxe6 24. Bxf5 Rxf5 25. Ne5 Qd8 26. Qd3 Ref6 27. Ng4 Rf7 28. b3 Qf8 29. Qc3+ Kg8 30. R1e2 d5 31. Qd3 d4 32. Re5 Rf3 33. Qg6+ Rg7 34. Qe4 Rgf7 35. Kg2 b6 36. Qg6+ Kh8 37. Qc6 Kh7 38. Qg6+ Kh8 39. Qc6 Kh7 40. Qe4+ Kh8 41. Re7 R3f5 42. Rxf7 Rxf7 43. Qe5+ Kh7 44. Qe4+ Kh8 45. Ne5 1-0

[Event "Chigorin Memorial 25th"]
[Site "St Petersburg"]
[Date "2017.10.23"]
[Round "3"]
[White "Malinovsky, Ilya"]
[Black "Chashchev, Sergey"]
[Result "1-0"]
[WhiteElo "2044"]
[BlackElo "2342"]
[PlyCount "75"]
[EventDate "2017.10.21"]
[EventType "swiss"]
[EventRounds "9"]
[EventCountry "RUS"]
[SourceTitle "CBM 181 Extra"]
[Source "ChessBase"]
[SourceDate "2017.12.12"]
[SourceVersion "1"]
[SourceVersionDate "2017.12.12"]
[SourceQuality "1"]

1. d4 d5 2. Bf4 c5 3. e3 Nc6 4. c3 Nf6 5. Nd2 Bf5 6. Qb3 Qd7 7. h3 c4 8. Qd1 e6 9. Ngf3 h6 10. Ne5 Nxe5 11. Bxe5 Be7 12. Be2 0-0 13. 0-0 b5 14. Qc1 Ne8 15. Bd1 f6 16. Bh2 b4 17. Bc2 bxc3 18. bxc3 Bxc2 19. Qxc2 Nd6 20. e4 Rab8 21. e5 fxe5 22. Bxe5 Rb6 23. Rfe1 Rc8 24. Bxd6 Bxd6 25. Nf3 Rcb8 26. Re2 Ra6 27. Rae1 Rbb6 28. Ne5 Qe8 29. f4 Qf8 30. Ng6 Qf5 31. Qxf5 exf5 32. Re8+ Kh7 33. R1e6 Rb1+ 34. Kf2 Rxa2+ 35. Kg3 Bxf4+ 36. Kxf4 Rf1+ 37. Kg3 f4+ 38. Kh4 1-0

[Event "Chigorin Memorial 24th"]
[Site "St Petersburg"]
[Date "2016.10.23"]
[Round "9"]
[White "Reshetnikov, Ruslan"]
[Black "Chashchev, Sergey"]
[Result "0-1"]
[WhiteElo "2196"]
[BlackElo "2349"]
[PlyCount "82"]
[EventDate "2016.10.15"]
[EventType "swiss"]
[EventRounds "9"]
[EventCountry "RUS"]
[SourceTitle "CBM 175 Extra"]
[Source "ChessBase"]
[SourceDate "2016.12.12"]
[SourceVersion "1"]
[SourceVersionDate "2016.12.12"]
[SourceQuality "1"]

1. d4 d6 2. c4 f5 3. Nf3 Nf6 4. g3 g6 5. b4 Bg7 6. Bb2 0-0 7. Bg2 e5 8. dxe5 Ng4 9. Qb3 dxe5 10. c5+ Kh8 11. 0-0 e4 12. Bxg7+ Kxg7 13. Qb2+ Qf6 14. Qxf6+ Kxf6 15. Nd4 Rd8 16. Nb5 Na6 17. a3 Be6 18. N1c3 Ne5 19. f3 exf3 20. Bxf3 Nxf3+ 21. exf3 c6 22. Nd6 b6 23. Rfd1 bxc5 24. b5 cxb5 25. Ncxb5 Ke7 26. Rd2 Rab8 27. Rad1 Rd7 28. Kf2 Rbd8 29. h4 Nb8 30. Re1 Rxd6 31. Nxd6 Rxd6 32. Rc2 Nd7 33. Ke3 c4 34. Kf4 Kf6 35. g4 Nc5 36. g5+ Kf7 37. Kg3 f4+ 38. Kg2 Rd3 39. Re5 Bd5 40. Kh2 c3 41. Kg1 Ne6 0-1

[Event "Chigorin Memorial 24th"]
[Site "St Petersburg"]
[Date "2016.10.22"]
[Round "8"]
[White "Chashchev, Sergey"]
[Black "Bok, Benjamin"]
[Result "0-1"]
[WhiteElo "2349"]
[BlackElo "2594"]
[PlyCount "76"]
[EventDate "2016.10.15"]
[EventType "swiss"]
[EventRounds "9"]
[EventCountry "RUS"]
[SourceTitle "CBM 175 Extra"]
[Source "ChessBase"]
[SourceDate "2016.12.12"]
[SourceVersion "1"]
[SourceVersionDate "2016.12.12"]
[SourceQuality "1"]

1. Nf3 c5 2. g3 Nc6 3. Bg2 g6 4. d4 cxd4 5. Nxd4 Bg7 6. e3 Nf6 7. c4 h5 8. h3 0-0 9. Nc3 d6 10. 0-0 Bd7 11. b3 Nxd4 12. exd4 Rb8 13. Bf4 a6 14. Rc1 Qa5 15. Re1 Rfe8 16. Qd2 Bc6 17. c5 Bxg2 18. Kxg2 Rbd8 19. cxd6 exd6 20. Rxe8+ Nxe8 21. Ne2 Qd5+ 22. f3 Bf6 23. h4 Ng7 24. Be3 Nf5 25. Bf2 Re8 26. Rc7 Qb5 27. Nc3 Qb4 28. Qd3 Bg7 29. Nd5 Qa5 30. Qc4 Nh6 31. b4 Qa3 32. Rxb7 Qb2 33. Re7 Rxe7 34. Nxe7+ Kh7 35. a4 d5 36. Nxd5 Nf5 37. Qc3 Qa2 38. Ne3 Bxd4 0-1

[Event "Chigorin Memorial 24th"]
[Site "St Petersburg"]
[Date "2016.10.17"]
[Round "3"]
[White "Gabrielian, Artur"]
[Black "Chashchev, Sergey"]
[Result "1-0"]
[WhiteElo "2524"]
[BlackElo "2349"]
[PlyCount "111"]
[EventDate "2016.10.15"]
[EventType "swiss"]
[EventRounds "9"]
[EventCountry "RUS"]
[SourceTitle "CBM 175 Extra"]
[Source "ChessBase"]
[SourceDate "2016.12.12"]
[SourceVersion "1"]
[SourceVersionDate "2016.12.12"]
[SourceQuality "1"]

1. e4 g6 2. d4 Bg7 3. Nc3 c6 4. f4 Nh6 5. Nf3 Na6 6. Be2 f6 7. 0-0 d6 8. h3 Nf7 9. Be3 0-0 10. Qd2 Nc7 11. a4 e5 12. Rad1 Qe7 13. Kh1 Be6 14. d5 cxd5 15. exd5 Bd7 16. fxe5 fxe5 17. Ng5 Nh6 18. Nge4 Nf7 19. Rf3 Bf5 20. Rdf1 b6 21. g4 Bxe4 22. Nxe4 Nh8 23. a5 Rxf3 24. Rxf3 Ne8 25. axb6 axb6 26. Qb4 Nf7 27. Qxb6 Nf6 28. Nxf6+ Bxf6 29. Rf1 Rf8 30. Qa7 Rc8 31. Qxe7 Bxe7 32. c3 Ng5 33. Kg2 Ne4 34. Bd3 Nf6 35. Bb1 Kg7 36. Rd1 Nd7 37. Kf3 Nc5 38. Bc2 Bf6 39. Ra1 Rc7 40. Ke2 Nd7 41. Ra6 Be7 42. Rc6 Rb7 43. b4 Nf6 44. Bb3 h5 45. g5 Ne4 46. h4 Ng3+ 47. Kf3 Nf5 48. Bf2 Bd8 49. Bc4 Rf7 50. Kg2 e4 51. Ba6 e3 52. Be1 Ne7 53. Rxd6 Bc7 54. Rd7 Nf5 55. Rxf7+ Kxf7 56. Bd3 1-0

[Event "Chigorin Memorial 24th"]
[Site "St Petersburg"]
[Date "2016.10.16"]
[Round "2"]
[White "Chashchev, Sergey"]
[Black "Fokin, Anatoly"]
[Result "1-0"]
[WhiteElo "2349"]
[BlackElo "1802"]
[PlyCount "79"]
[EventDate "2016.10.15"]
[EventType "swiss"]
[EventRounds "9"]
[EventCountry "RUS"]
[SourceTitle "CBM 175 Extra"]
[Source "ChessBase"]
[SourceDate "2016.12.12"]
[SourceVersion "1"]
[SourceVersionDate "2016.12.12"]
[SourceQuality "1"]

1. c4 e5 2. Nc3 Nf6 3. g3 c6 4. d4 d6 5. dxe5 dxe5 6. Qxd8+ Kxd8 7. Bh3 Nbd7 8. Nf3 Bd6 9. Be3 Ke7 10. 0-0-0 b6 11. Ng5 Bc5 12. Bxc5+ Nxc5 13. Bg2 Bb7 14. b4 h6 15. Nxf7 Kxf7 16. bxc5 bxc5 17. Kc2 Rac8 18. Na4 Ba6 19. Kc3 Rc7 20. Nxc5 Bc8 21. Rd6 Bf5 22. e4 Bc8 23. Rb1 Ke7 24. Rd2 g5 25. Nd3 Nd7 26. f3 Kf6 27. Bh3 h5 28. Bf5 Nf8 29. Bxc8 Rxc8 30. Nc5 Rc7 31. Rb8 Kg7 32. Rxf8 Rxf8 33. Ne6+ Kg8 34. Nxc7 Rxf3+ 35. Kb4 Re3 36. Ne8 Kf7 37. Nd6+ Ke6 38. Kc5 Ra3 39. Nf5 Ra5+ 40. Kxc6 1-0

[Event "Chigorin Memorial 23rd"]
[Site "St Petersburg"]
[Date "2015.10.10"]
[Round "8"]
[White "Kakabayaev, Mergen"]
[Black "Chashchev, Sergey"]
[Result "1-0"]
[WhiteElo "2239"]
[BlackElo "2377"]
[PlyCount "67"]
[EventDate "2015.10.03"]
[EventType "swiss"]
[EventRounds "9"]
[EventCountry "RUS"]
[SourceTitle "CBM 168 Extra"]
[Source "ChessBase"]
[SourceDate "2015.10.29"]
[SourceVersion "1"]
[SourceVersionDate "2015.10.29"]
[SourceQuality "1"]

1. e4 g6 2. d4 Bg7 3. Nc3 c6 4. Nf3 d5 5. e5 Nh6 6. h3 0-0 7. Bf4 f6 8. Bd3 Na6 9. a3 Nf7 10. Qe2 Nc7 11. 0-0 Ne6 12. Bg3 fxe5 13. dxe5 Bh6 14. Rad1 Qc7 15. Rfe1 Bf4 16. Bxf4 Nxf4 17. Qe3 Nd8 18. Ne2 Nde6 19. Nfd4 c5 20. Nxe6 Nxe6 21. c3 Ng7 22. Ng3 b6 23. h4 Bf5 24. Bxf5 gxf5 25. Qg5 e6 26. Nh5 Kh8 27. Nf4 Qf7 28. Qh6 Rg8 29. h5 Rge8 30. Re3 Rac8 31. Rg3 Rc6 32. Rdd3 b5 33. Rg5 b4 34. Rdg3 1-0

[Event "Chigorin Memorial 23rd"]
[Site "St Petersburg"]
[Date "2015.10.07"]
[Round "5"]
[White "Chashchev, Sergey"]
[Black "Grinblat, Artemiy"]
[Result "1/2-1/2"]
[WhiteElo "2377"]
[BlackElo "2099"]
[PlyCount "136"]
[EventDate "2015.10.03"]
[EventType "swiss"]
[EventRounds "9"]
[EventCountry "RUS"]
[SourceTitle "CBM 168 Extra"]
[Source "ChessBase"]
[SourceDate "2015.10.29"]
[SourceVersion "1"]
[SourceVersionDate "2015.10.29"]
[SourceQuality "1"]

1. b4 e5 2. Bb2 Bxb4 3. Bxe5 Nf6 4. Nf3 0-0 5. e3 Nc6 6. Bb2 d5 7. Be2 Bg4 8. 0-0 Re8 9. d3 Bd6 10. Nbd2 Ne5 11. Nxe5 Bxe2 12. Qxe2 Bxe5 13. Bxe5 Rxe5 14. c4 dxc4 15. d4 Rd5 16. Nxc4 c5 17. dxc5 Rxc5 18. Rfd1 Qc7 19. Nd6 Nd5 20. Ne4 Nc3 21. Nxc3 Rxc3 22. Rab1 b6 23. Qf3 Rc8 24. g3 g6 25. h4 Qc6 26. Rd5 Rd3 27. Rd1 Qxd5 28. Qxd5 Rxd5 29. Rxd5 Rc2 30. a4 Ra2 31. Rd4 h5 32. g4 hxg4 33. Rxg4 Kf8 34. Rc4 Rb2 35. Kg2 b5 36. axb5 Rxb5 37. Rc7 a5 38. Ra7 Rb4 39. Kg3 a4 40. f3 Rb3 41. e4 a3 42. Kg4 Rc3 43. f4 Re3 44. e5 Kg7 45. h5 gxh5+ 46. Kxh5 Kg8 47. Kg4 Kg7 48. Kf5 Rb3 49. Ra5 Re3 50. Kg4 Kg8 51. f5 a2 52. Kf4 Re2 53. Ra7 Kf8 54. Ra6 Kg7 55. Ra8 Kh7 56. Ra7 Kg8 57. Ra5 Kh8 58. Ra3 Kg7 59. Ra8 Kh7 60. Kg5 Rxe5 61. Kf6 Rb5 62. Rxa2 Rb6+ 63. Kxf7 Rb7+ 64. Kf6 Rb6+ 65. Kg5 Kg7 66. Re2 Kf7 67. Re4 Rb1 68. Rg4 Rf1 1/2-1/2

[Event "Chigorin Memorial 23rd"]
[Site "St Petersburg"]
[Date "2015.10.03"]
[Round "1"]
[White "Chashchev, Sergey"]
[Black "Aseeva, Anastasia"]
[Result "1-0"]
[WhiteElo "2377"]
[BlackElo "2015"]
[PlyCount "83"]
[EventDate "2015.10.03"]
[EventType "swiss"]
[EventRounds "9"]
[EventCountry "RUS"]
[SourceTitle "CBM 168 Extra"]
[Source "ChessBase"]
[SourceDate "2015.10.29"]
[SourceVersion "1"]
[SourceVersionDate "2015.10.29"]
[SourceQuality "1"]

1. Nf3 d5 2. g3 Nf6 3. Bg2 c6 4. b3 g6 5. Bb2 Bg7 6. 0-0 0-0 7. d4 Nbd7 8. Nbd2 c5 9. c4 cxd4 10. Bxd4 Nb6 11. Qc2 Be6 12. c5 Nbd7 13. b4 Rc8 14. Rac1 Re8 15. Qb2 a6 16. Rfd1 Nb8 17. e4 Nc6 18. Bc3 Qc7 19. a4 b5 20. axb5 axb5 21. Nd4 Nxd4 22. Bxd4 Bg4 23. e5 Ne4 24. Re1 Nxd2 25. Qxd2 Be6 26. c6 Ra8 27. Rc5 Ra6 28. Qc3 Rea8 29. Bf1 Ra3 30. Qc1 R3a4 31. Rxb5 Rb8 32. Qc5 Rxb5 33. Qxb5 Ra8 34. Qc5 Bh6 35. b5 Rc8 36. Ra1 Bg7 37. Ra7 Qd8 38. c7 Qd7 39. b6 Bh3 40. Bxh3 Qxh3 41. b7 Rf8 42. c8Q 1-0

[Event "Chigorin Memorial 22nd"]
[Site "St Petersburg"]
[Date "2014.10.26"]
[Round "9"]
[White "Chashchev, Sergey"]
[Black "Gurvich, Vitaly"]
[Result "0-1"]
[WhiteElo "2390"]
[BlackElo "2106"]
[PlyCount "98"]
[EventDate "2014.10.18"]
[EventType "swiss"]
[EventRounds "9"]
[EventCountry "RUS"]
[SourceTitle "EXT 2015"]
[Source "ChessBase"]
[SourceDate "2014.11.20"]
[SourceVersion "1"]
[SourceVersionDate "2014.11.20"]
[SourceQuality "1"]

1. Nf3 Nf6 2. d4 g6 3. c4 Bg7 4. Nc3 0-0 5. Bf4 d6 6. h3 c5 7. e3 Qa5 8. Qd2 cxd4 9. exd4 Nc6 10. Be2 e5 11. Be3 exd4 12. Nxd4 Nxd4 13. Bxd4 Ne4 14. Qe3 Bxd4 15. Qxd4 Nxc3 16. Qxc3 Qxc3+ 17. bxc3 Be6 18. Rd1 Rfd8 19. a3 Rac8 20. Rd4 d5 21. cxd5 Rxc3 22. 0-0 Rxd5 23. Ra4 a6 24. Rb1 Bd7 25. Rf4 b5 26. a4 g5 27. Rf6 Rc6 28. Rxc6 Bxc6 29. axb5 Bxb5 30. Bf3 Rd6 31. Rb4 Kg7 32. h4 h6 33. hxg5 hxg5 34. Bb7 f5 35. f3 Kf6 36. Rb2 Ke5 37. Kf2 Rd7 38. f4+ Kxf4 39. Bc8 Rc7 40. Be6 Ke5 41. Ba2 Rc3 42. Kg1 g4 43. Kh2 f4 44. Rd2 Rc1 45. Rd5+ Ke4 46. Rd8 Ke3 47. Be6 Be2 48. g3 Kf2 49. Bxg4 fxg3+ 0-1

[Event "Chigorin Memorial 22nd"]
[Site "St Petersburg"]
[Date "2014.10.25"]
[Round "8"]
[White "Guzenko, Artem"]
[Black "Chashchev, Sergey"]
[Result "1-0"]
[WhiteElo "2258"]
[BlackElo "2390"]
[PlyCount "73"]
[EventDate "2014.10.18"]
[EventType "swiss"]
[EventRounds "9"]
[EventCountry "RUS"]
[SourceTitle "EXT 2015"]
[Source "ChessBase"]
[SourceDate "2014.11.20"]
[SourceVersion "1"]
[SourceVersionDate "2014.11.20"]
[SourceQuality "1"]

1. e4 d6 2. d4 Nf6 3. Bd3 e5 4. d5 Be7 5. c4 0-0 6. Nc3 g6 7. Nge2 Nh5 8. 0-0 Bg5 9. b4 a5 10. a3 Nf4 11. Nxf4 exf4 12. Bb2 Nd7 13. Nb5 Ne5 14. Bxe5 dxe5 15. c5 Bd7 16. Qb3 f3 17. g3 Bh3 18. Rfd1 Qd7 19. Qc3 Rae8 20. c6 bxc6 21. dxc6 Qc8 22. bxa5 h5 23. Bc4 Qg4 24. Nxc7 Rc8 25. Qxe5 h4 26. Rd6 Kh7 27. Ne6 Bh6 28. Nxf8+ Rxf8 29. Qe7 hxg3 30. hxg3 Rg8 31. Rf6 Rg7 32. Rxf7 Rxf7 33. Bxf7 Bg7 34. Rd1 Qc8 35. c7 Bf8 36. Qf6 Qxc7 37. Qxg6+ 1-0

[Event "Cherkessk Habez"]
[Site "Cherkessk"]
[Date "2014.07.16"]
[Round "7"]
[White "Bagrationi, Alexander"]
[Black "Chashchev, Sergey"]
[Result "1-0"]
[WhiteElo "2487"]
[BlackElo "2376"]
[PlyCount "37"]
[EventDate "2014.07.11"]
[EventType "tourn"]
[EventRounds "9"]
[EventCountry "RUS"]
[EventCategory "7"]
[SourceTitle "CBM 161 Extra"]
[Source "ChessBase"]
[SourceDate "2014.08.29"]
[SourceVersion "1"]
[SourceVersionDate "2014.08.29"]
[SourceQuality "1"]

1. d4 Nf6 2. c4 e6 3. Nc3 Bb4 4. Nf3 b6 5. Bg5 Bb7 6. e3 h6 7. Bh4 g5 8. Bg3 Ne4 9. Nd2 Nxc3 10. bxc3 Bxc3 11. Rc1 Bb4 12. h4 Be7 13. hxg5 Bxg5 14. d5 exd5 15. cxd5 Bxd5 16. Bxc7 Qe7 17. Bf4 Nc6 18. Bxg5 Qxg5 19. Rh5 1-0

[Event "Cherkessk Habez"]
[Site "Cherkessk"]
[Date "2014.07.15"]
[Round "5"]
[White "Akbaev, Kazbek"]
[Black "Chashchev, Sergey"]
[Result "1-0"]
[WhiteElo "2470"]
[BlackElo "2376"]
[PlyCount "67"]
[EventDate "2014.07.11"]
[EventType "tourn"]
[EventRounds "9"]
[EventCountry "RUS"]
[EventCategory "7"]
[SourceTitle "CBM 161 Extra"]
[Source "ChessBase"]
[SourceDate "2014.08.29"]
[SourceVersion "1"]
[SourceVersionDate "2014.08.29"]
[SourceQuality "1"]

1. e4 c5 2. Nf3 d6 3. Nc3 g6 4. d4 cxd4 5. Qxd4 Nf6 6. e5 Nc6 7. Bb5 dxe5 8. Bxc6+ bxc6 9. Qxd8+ Kxd8 10. Nxe5 Ke8 11. f3 Bb7 12. Bd2 Bg7 13. 0-0-0 Nd5 14. Rhe1 Rd8 15. Na4 Nb6 16. Nc5 Ba8 17. Ned3 h6 18. Bf4 e6 19. Be5 Bxe5 20. Nxe5 Ke7 21. Nxe6 fxe6 22. Nxg6+ Kf6 23. Nxh8 Rxh8 24. Rd6 Re8 25. Red1 c5 26. Rd8 Rxd8 27. Rxd8 Bd5 28. b3 c4 29. Kd2 cxb3 30. axb3 e5 31. c4 Be6 32. c5 Nc8 33. b4 a6 34. c6 1-0

[Event "Chigorin Memorial 21st"]
[Site "St Petersburg"]
[Date "2013.10.09"]
[Round "5"]
[White "Chashchev, Sergey"]
[Black "Ageichenko, Genadi A"]
[Result "1-0"]
[WhiteElo "2396"]
[BlackElo "2296"]
[PlyCount "81"]
[EventDate "2013.10.05"]
[EventType "swiss"]
[EventRounds "9"]
[EventCountry "RUS"]
[SourceTitle "CBM 156 Extra"]
[Source "ChessBase"]
[SourceDate "2013.10.22"]
[SourceVersion "1"]
[SourceVersionDate "2013.10.22"]
[SourceQuality "1"]

1. Nf3 Nf6 2. d4 g6 3. c4 Bg7 4. Nc3 d5 5. cxd5 Nxd5 6. g3 0-0 7. Bg2 Nb6 8. 0-0 Nc6 9. e3 Re8 10. Re1 a5 11. Qe2 a4 12. Rd1 Bg4 13. h3 Bd7 14. Ne4 Qc8 15. Kh2 Bf5 16. Nc5 Nd7 17. Nxd7 Bxd7 18. Bd2 a3 19. Bc3 Na7 20. d5 Ba4 21. Rdc1 axb2 22. Qxb2 Bxc3 23. Rxc3 Nb5 24. Rc5 Qd7 25. Rac1 Rec8 26. Ne5 Qd6 27. Ng4 f6 28. e4 h5 29. Ne3 c6 30. f4 Nc7 31. e5 fxe5 32. fxe5 Qd8 33. dxc6 Bxc6 34. Bxc6 bxc6 35. Rxc6 Qd3 36. R1c3 Rab8 37. Qc2 Qxc2+ 38. Rxc2 Rb7 39. Rxg6+ Kh7 40. Rgc6 e6 41. Nc4 1-0

[Event "Elista Molozhay Memorial"]
[Site "Elista"]
[Date "2009.07.16"]
[Round "5"]
[White "Chashchev, Sergey"]
[Black "Sharapov, Sanal"]
[Result "0-1"]
[WhiteElo "2306"]
[BlackElo "2298"]
[PlyCount "54"]
[EventDate "2009.07.14"]
[EventType "tourn"]
[EventRounds "9"]
[EventCountry "RUS"]
[EventCategory "3"]
[SourceTitle "EXT 2022"]
[Source "ChessBase"]
[SourceDate "2021.10.06"]
[SourceVersion "1"]
[SourceVersionDate "2021.10.06"]
[SourceQuality "1"]

1. Nf3 d5 2. g3 Bg4 3. Bg2 Nd7 4. 0-0 c6 5. d4 Ngf6 6. b3 e6 7. Nbd2 Be7 8. Bb2 0-0 9. h3 Bh5 10. g4 Bg6 11. Ne5 Nxe5 12. dxe5 Nd7 13. e4 f6 14. exd5 exd5 15. exf6 Bxf6 16. Bxf6 Qxf6 17. Nf3 Qc3 18. Rc1 Rae8 19. Nd4 Nc5 20. Ne2 Qe5 21. Qd4 Nd3 22. cxd3 Qxe2 23. Qxa7 Bxd3 24. Rce1 Qxe1 25. Rxe1 Rxe1+ 26. Kh2 Ba6 27. f4 Rxf4 0-1

[Event "Elista Molozhay Memorial"]
[Site "Elista"]
[Date "2009.07.15"]
[Round "3"]
[White "Chashchev, Sergey"]
[Black "Yushinov, Nikolay"]
[Result "1-0"]
[WhiteElo "2306"]
[BlackElo "2357"]
[PlyCount "97"]
[EventDate "2009.07.14"]
[EventType "tourn"]
[EventRounds "9"]
[EventCountry "RUS"]
[EventCategory "3"]
[SourceTitle "EXT 2022"]
[Source "ChessBase"]
[SourceDate "2021.10.06"]
[SourceVersion "1"]
[SourceVersionDate "2021.10.06"]
[SourceQuality "1"]

1. Nf3 f5 2. g3 g6 3. Bg2 Bg7 4. 0-0 e6 5. d3 d5 6. e4 dxe4 7. dxe4 Qxd1 8. Rxd1 Nc6 9. c3 Bd7 10. exf5 gxf5 11. Na3 h6 12. Bf4 0-0-0 13. Nc4 Nge7 14. Be5 Nxe5 15. Nfxe5 Bb5 16. Re1 Rhe8 17. Na3 Ba6 18. Bh3 Bxe5 19. Rxe5 Ng6 20. Re3 Re7 21. b4 c6 22. Nc2 Rd3 23. Rae1 Rxe3 24. Rxe3 Bc4 25. a3 Kc7 26. f4 h5 27. Nd4 h4 28. Kf2 hxg3+ 29. hxg3 Bd5 30. Bg2 Bc4 31. Bf3 a6 32. Re1 Bd5 33. Bxd5 exd5 34. Nxf5 Rf7 35. Nd4 Nxf4 36. gxf4 Rxf4+ 37. Ke3 Rh4 38. Kd3 Rh7 39. Nf5 Kd7 40. Rg1 b6 41. Rg6 Rf7 42. Nd4 c5 43. Rxb6 cxd4 44. Rb7+ Ke6 45. Rxf7 Kxf7 46. Kxd4 Ke6 47. Kc5 Ke5 48. a4 Ke4 49. b5 1-0